Hutnícka druhovýroba - návrat k dobrému menu : Radiátorovňa, rúrovňa a profily od januára pod spoločnosťou Oceľ

Podrobná bibliografia
Hlavní autori: -f- (Author), Orlovský, T. (Author), Žoldák, Jozef (Author)
Médium: Článok
Jazyk:Slovak
Témy:
Zdroj: 1. Tempo 1. 0231-651X
LEADER 00956nab#a2200361#ar4500
001 000025721
003 SVKKK
005 00000000000000.0
008 c xo e sloo
FMT
038 |a SVKKK 
040 |a SVKKK  |b slo  |e AACR2 
041 0 |a slo 
044 |a xo  |c SK 
080 |a 669.  |2 1981 
100 0 |a -f-  |4 aut 
245 1 0 |a Hutnícka druhovýroba - návrat k dobrému menu :  |b Radiátorovňa, rúrovňa a profily od januára pod spoločnosťou Oceľ  |c -f- ... [et al.] 
300 |b Fotogr. 3 
650 0 4 |a Hutnícka druhovýroba spoločnosti VSŽ Oceľ s.r.o., Košice 
650 0 4 |a profily  |x výroba  |x odbyt  |x rozhovory 
650 0 4 |a radiátory 
650 0 4 |a rúry 
700 1 |a Orlovský, T.  |4 aut 
700 1 |a Žoldák, Jozef  |4 aut 
773 0 |t Tempo  |x 0231-651X 
957 |a Košice 
958 |a KE 
958 |a RE 
974 |d 971104  |a Šá 
992 |a RBX 
BAS
852 |a SVKKK  |b BIB 
998 |a HUT